00522nam a22001577a 450000500170000001000150001702000260003203500140005803700130007208200120008510000200009724501090011726000450022627000610027130000320033220230203163303.0 aENG-136023 a9780198070603c595.00 aEN-119555 bDBAD/PUB a297.352 aMishra, Saurabh aThe Haj From the Indian Subcontinent 1860-1920:bPilgrimage, Politics and Pestilence/cby Saurabh Mishra aNew DelhibOxford University Pressc2011 aYMCA Library Building, Jai Singh RoadbNew Delhie110001 aix, 173p.bIndexc22cm(hbk)